000 00320nam a22001337a 4500
999 _c12900
_d12900
020 _a9781760421014
082 _a621.3
100 _aJenneson,Jim
245 _aElectrical Principles for the Electrical Trades
250 _a7th edition
260 _aAustralia
_bMcGraw-Hill
_c2018
300 _a485 pages.
942 _cBK